| 000 | 01028cam a22002657a 4500 | ||
|---|---|---|---|
| 001 | 85843 | ||
| 003 | ItRI | ||
| 005 | 20260429121808.0 | ||
| 008 | 260429s1991 it |||||| ||||| |ita|c | ||
| 040 |
_bita _aM-RABA _cM-RABA _dM-RABA |
||
| 245 | 0 | 4 |
_aThe work of Sheila Gibson : _ba catalogue to accompany the exibition Architecture & Archaeology : Institute of Archaeology ... London, March 15-April 12, 1991 [e] British School at Rome ... Roma, April 23-May 7, 1991. |
| 246 | 1 | 3 | _aArchitecture & archaeology : the work of Sheila Gibson. |
| 260 |
_aRoma _b: British School at Rome _c, 1991 |
||
| 300 |
_a[54] p. (sin numerar) : _b: il. _c; 22 x 23 cm |
||
| 500 | _aEn port.: The British School at Rome. | ||
| 500 | _aTras tít.: R. I. B. A., A. A. Dip (Hons), F. S. A. | ||
| 546 | _aTexto en inglés. | ||
| 600 | 1 | 0 |
_aGibson, Sheila _d(1920-2002) _9111703 |
| 650 | 7 |
_aArquitectura _942568 |
|
| 650 | 7 |
_aArqueología _918834 |
|
| 852 | _jF-16114 | ||
| 942 |
_cFONDOMODER _n0 |
||
| 981 | 1 |
_6z01 _ai _bxxxe |
|
| 982 | 1 |
_6z01 _an |
|
| 999 |
_c85843 _d85843 |
||